Irská zkušenost s členstvím v EU - inspirace pro Českú republiku

Historický pohľad na vstup Írska do Európskej únie. Politický a sociálny dopad. Írsko a stredná a východná Európa. Národná identita a zahraničná politika v Írsku. Podpora rozvoja vidieka v Írsku a štrukturálna politika Európskej únie.

Saved in:
Bibliographic Details
Format: Book Chapter
Language:Czech
Subjects:
Tags: Add Tag
No Tags, Be the first to tag this record!

MARC

LEADER 00000naa a2200000 4500
001 r036403
005 20230927120333.7
041 0 |a cze 
044 |a CZ 
245 1 0 |a Irská zkušenost s členstvím v EU - inspirace pro Českú republiku 
520 |a Historický pohľad na vstup Írska do Európskej únie. Politický a sociálny dopad. Írsko a stredná a východná Európa. Národná identita a zahraničná politika v Írsku. Podpora rozvoja vidieka v Írsku a štrukturálna politika Európskej únie. 
610 2 0 |a vzťahy hospodárske medzinárodné 
610 2 0 |a Európska únia 
610 2 0 |a Írsko 
610 2 0 |a história 
610 2 0 |a vývoj hospodársky 
610 2 0 |a vývoj sociálny 
610 2 0 |a obchod zahraničný 
610 2 0 |a vidiek 
610 2 0 |a politika štruktúrna 
610 2 0 |a identita